书目信息 |
| 题名: |
材料化学分析方法
|
|
| 作者: | ;长春第一汽车制造厂工艺处 编 | |
| 分册: | ||
| 出版信息: | 长春 吉林人民出版社 1974 |
|
| 页数: | 258页 | |
| 开本: | 19cm | |
| 丛书名: | ||
| 单 册: | ||
| 中图分类: | TQ13 | |
| 科图分类: | ||
| 主题词: | 有色金属-化学分析 , 化学分析-有色金属 , 金属元素--无机化合物--化学工业 | |
| 电子资源: | ||
| ISBN: | ||
| 000 | 00833nam0 2200253 45 | |
| 001 | 0179005068 | |
| 005 | 20060517085250.78 | |
| 010 | @dCNY0.62 | |
| 091 | @a15091.120 | |
| 100 | @a19950731d1974 em y0chiy0121 ea | |
| 101 | 0 | @achi |
| 102 | @aCN@b220000 | |
| 105 | @ay z 000yy | |
| 200 | 10 | @a材料化学分析方法@Acai liao hua xue fen xi fang fa@e钢铁分析@f长春第一汽车制造厂工艺处编@Fchang chun di yi qi che zhi zao chang gong yi chu bian |
| 210 | @a长春@c吉林人民出版社@d1974 | |
| 215 | @a258页@d19cm | |
| 517 | 1 | @a钢铁分析@Agang tie fen xi |
| 606 | @a有色金属-化学分析 | |
| 606 | @a化学分析-有色金属 | |
| 606 | 0 | @a金属元素@x无机化合物@x化学工业 |
| 690 | @aTQ13@v4 | |
| 711 | 02 | @a长春第一汽车制造厂工艺处@Achang chun di yi qi che zhi zao chang gong yi chu@4编 |
| 801 | 0 | @aCN@bTSSF@c20060517 |
| 905 | @a10447@dTQ13@e1 | |
| 材料化学分析方法:钢铁分析/长春第一汽车制造厂工艺处编.-长春:吉林人民出版社,1974 |
| 258页;19cm |
| ISBN :CNY0.62 |
| ● |
| 相关链接 |
|
|
|
|
正题名:材料化学分析方法
索取号:TQ13/1
 
预约/预借
| 序号 | 登录号 | 条形码 | 馆藏地/架位号 | 状态 | 备注 |
| 1 | 0016629 | 202345015 | 密集书库/ [索取号:TQ13/1] | 在馆 |